ՀՀ Գիտությունների ազգային ակադեմիայի հիմնարար գիտական գրադարան  =   Fundamental Scientific Library of NAS RA

Иезуиты / (Record no. 432539)

MARC details
000 -LEADER
fixed length control field 01013nam a2200253 a 4500
003 - CONTROL NUMBER IDENTIFIER
control field AM-YeHGA
005 - DATE AND TIME OF LATEST TRANSACTION
control field 20250617155430.0
008 - FIXED-LENGTH DATA ELEMENTS--GENERAL INFORMATION
fixed length control field 170929s1913 ru |||||||||||00||0|rus|d
040 ## - CATALOGING SOURCE
Original cataloging agency AM-YeHGA
041 1# - LANGUAGE CODE
Language code of text/sound track or separate title rus
090 ## - LOCALLY ASSIGNED LC-TYPE CALL NUMBER (OCLC); LOCAL CALL NUMBER (RLIN)
-- 435134
100 1# - MAIN ENTRY--PERSONAL NAME
Personal name Бемер, Генрих
245 1# - TITLE STATEMENT
Title Иезуиты /
Statement of responsibility, etc. Г. Бемер ; С введ. и примеч. Г. Моно ; Пер. [и предисл.] Н. Попова.
260 ## - PUBLICATION, DISTRIBUTION, ETC.
Place of publication, distribution, etc. Москва :
Name of publisher, distributor, etc. М. и С. Сабашниковы,
Date of publication, distribution, etc. 1913.
300 ## - PHYSICAL DESCRIPTION
Extent VIII, 456 с.,
Other physical details 1 л. портр. ;
Dimensions 17 см.
490 1# - SERIES STATEMENT
Series statement Страны, века и народы
504 ## - BIBLIOGRAPHY, ETC. NOTE
Bibliography, etc. note Библиогр.: "Обзор важнейших источников и литературы" (с. 445-454)
650 14 - SUBJECT ADDED ENTRY--TOPICAL TERM
Topical term or geographic name entry element Պատմություն
650 14 - SUBJECT ADDED ENTRY--TOPICAL TERM
Topical term or geographic name entry element История
Geographic subdivision Европа
700 1# - ADDED ENTRY--PERSONAL NAME
Personal name Попов, Н.
Relator term пер.
Relationship trl
700 1# - ADDED ENTRY--PERSONAL NAME
Personal name Моно, Габриель
Relator term предисл.
Relationship aui
830 #0 - SERIES ADDED ENTRY--UNIFORM TITLE
Uniform title Страны, века и народы
942 ## - ADDED ENTRY ELEMENTS (KOHA)
Source of classification or shelving scheme Universal Decimal Classification
Koha item type Գրքեր / Books
Holdings
Withdrawn status Lost status Damaged status Not for loan Collection Home library Current library Date acquired Total checkouts Full call number Barcode Date last seen Price effective from Koha item type Public note Source of classification or shelving scheme
        General Fundamental Scientific Library Fundamental Scientific Library 30/05/2019   РД II/61210 FL0582409 30/05/2019 30/05/2019 Գրքեր / Books 30 Days Loan  
        Kusikian Individual Collection Fundamental Scientific Library Fundamental Scientific Library 27/01/2025   Кус/550 FL0687653 27/01/2025 27/01/2025 Գրքեր / Books ILL Non-Circ. Universal Decimal Classification


ՀՀ ԳԱԱ հիմնարար գիտական գրադարան
ՀՀ,Երևան 0019
Մարշալ Բաղրամյան 24/6
հեռախոս:(374-10) 52-47-50
Հետադարձ կապ

All site content, except where otherwise noted, is licensed under a
Creative Commons License